Český utrakvistický humanismus v literárním díle Mikuláše Konáče z Hodiškova

Titel: Český utrakvistický humanismus v literárním díle Mikuláše Konáče z Hodiškova
Verfasser:
Veröffentlicht: Praha : Togga, 2011
Umfang: 96 Seiten : Vyd. 1.
Format: Buch
Sprache: Tschechisch
Schriftenreihe/
mehrbändiges Werk:
Edice Polemos
RVK-Notation:
ISBN: 9788087258644
Buchumschlag
X
Lokale Klassifikation: 2 K 364 ; 23 15 O ; 23 10 E ; 23 15 H ; 23 11 A ; 23 11 G ; 23 10 D
alg: 27866911
001A    $03004:28-10-11 
001B    $01999:09-06-23 $t19:35:25.000 
001D    $01999:23-07-12 
001U    $0utf8 
001X    $00 
002@    $0Aay 
002C    $aText $btxt $2rdacontent 
002D    $aohne Hilfsmittel zu benutzen $bn $2rdamedia 
002E    $aBand $bnc $2rdacarrier 
003@    $0278669115 
004A    $A978-80-87258-64-4 
007A    $0278669115 $aHEB 
007G    $0DE020877F7B8D8172D101C1257A560032453E 
007T    $0Herdhh278669115 
009P    $qapplication/pdf $A2 $3Inhaltsverzeichnis $uhttp://scans.hebis.de/HEBCGI/show.pl?27866911_toc.pdf $mV:DE-603;B:DE-Mb50 
010@    $acze 
011@    $a2011 
021A    $aČeský utrakvistický humanismus v literárním díle Mikuláše Konáče z Hodiškova 
028A    $BVerfasser $4aut $7 $8Fernández Couceiro, Eduardo [Tnu] $9305973932 
033A    $pPraha $nTogga 
034D    $a96 Seiten 
034M    $aVyd. 1. 
036G    $aEdice Polemos 
037A    $aLiteraturverzeichnis Seite 79 - 85 
045F    $a306.09437109031 $eDDC23BSB 
045F/01 $a306.09 
045F/03 $f09031 
045F/03 $f09032 
045F/03 $g4371 
045G    $a809 $eDDC23BSB 
045G/01 $a809 
045G/03 $g4371 
045H    $a002.094371 $eDDC23BSB 
045H/01 $a002.09 
045H/03 $g4371 
045I    $a200.94371 $eDDC23BSB 
045I/01 $a200.9 
045I/03 $g4371 
045J    $a900.943710903 $eDDC23BSB 
045J/01 $a900 
045J/03 $f0903 
045J/03 $g4371 
045Z    $8KS 2754 [Tkv] $9409316628 
046L    $aZusammenfassung in englischer Sprache 

lok: 27866911 24
101B    $023-07-12 $t11:33:48.000 
101C    $023-07-12 
101U    $0utf8 
145Z/01 $a2 K 364 
145Z/02 $a23 15 O 
145Z/03 $a23 10 E 
145Z/04 $a23 15 H 
145Z/05 $a23 11 A 
145Z/06 $a23 11 G 
145Z/07 $a23 10 D 

exp: 27866911 24 1 #EPN
201B/01 $023-07-12 $t11:33:48.000 
201C/01 $028-10-11 
201U/01 $0utf8 
203@/01 $0631891900 
208@/01 $a23-07-12 $bz 
209A/01 $a11.08859 $du $f050 $h11 08859 $x00 
209C/01 $a11.08859 K $h11 08859 K 
209G/01 $a73024633 $x00 
220C/01 $akon 
244Z/01 $#Konáč z Hodištkova, Mikuláš $#Hodiškova, Mikuláš K. z $#Finitor  $#Konáč, Nicholas $#Konáč, Mikuláš $#Konáč, Mikuláš z Hodiškova $7119006804 $8--Tp1--Konáč z Hodiškova, Mikuláš$Z1480-1546 $x01 $9087347067 
247C/01 $8358050-7 Marburg, Bibliothek des Herder-Instituts Marburg $9102600961 

lok: 27866911 78

exp: 27866911 78 1 #EPN
201B/01 $026-11-17 $t00:32:10.000 
201U/01 $0utf8 
203@/01 $0793767334 
208@/01 $a12-11-16 $be 
209A/01 $a/ $f000 $x00 
244Z/01 $#Tschechien $#Tschechische Republik $#Tschechische Republik $#Tschechenland $#Tschechei Tschechien $#Česká Republika $#Czech Republic $#ČR $74303381-7 $8--Tg1--Tschechien $x01 $9086659812 
244Z/01 $2Trx $#Böhmen $#Bohemia $#Czechy $8--Trx--Čechy $x02 $9391188941 
244Z/01 $2Trx $8--Trx--Monographie $x03 $9391384546 
245Z/01 $a06.03.01 $x01 
247C/01 $82080>Marburg/Lahn, Herder-Institut, Forschungsbibliothek, Bibliographieportal $9336309341
LEADER 00000cam a22000002c 4500
001 278669115
003 DE-603
005 20230609193525.0
007 tu
008 111028s2011 xx |||| | u00||u|cze c
020 |a 9788087258644 
035 |a (DE-599)HEB278669115 
040 |a DE-603  |b ger  |c DE-603  |d DE-603 
041 |a cze 
082 0 4 |8 1\u  |a 306.09437109031  |q DE-101  |2 23/BSB 
083 0 |8 2\u  |a 809  |q DE-101  |2 23/BSB 
083 0 |8 3\u  |a 002.094371  |q DE-101  |2 23/BSB 
083 0 |8 4\u  |a 200.94371  |q DE-101  |2 23/BSB 
083 0 |8 5\u  |a 900.943710903  |q DE-101  |2 23/BSB 
084 |a KS 2754  |0 (DE-625)84079:11643  |0 (DE-603)409316628  |2 rvk 
085 |8 1\u  |b 306.09 
085 |8 1\u  |z 1  |s 09031 
085 |8 1\u  |z 1  |s 09032 
085 |8 1\u  |z 2  |s 4371 
085 |8 2\u  |b 809 
085 |8 2\u  |z 2  |s 4371 
085 |8 3\u  |b 002.09 
085 |8 3\u  |z 2  |s 4371 
085 |8 4\u  |b 200.9 
085 |8 4\u  |z 2  |s 4371 
085 |8 5\u  |b 900 
085 |8 5\u  |z 1  |s 0903 
085 |8 5\u  |z 2  |s 4371 
100 1 |a Fernández Couceiro, Eduardo  |e Verfasser  |4 aut  |0 (DE-603)305973932 
245 0 0 |a Český utrakvistický humanismus v literárním díle Mikuláše Konáče z Hodiškova 
264 1 |a Praha  |b Togga  |c 2011 
300 |a 96 Seiten  |b Vyd. 1. 
336 |a Text  |b txt  |2 rdacontent 
337 |a ohne Hilfsmittel zu benutzen  |b n  |2 rdamedia 
338 |a Band  |b nc  |2 rdacarrier 
490 0 |a Edice Polemos 
500 |a Literaturverzeichnis Seite 79 - 85 
546 |a Zusammenfassung in englischer Sprache 
856 4 2 |m V:DE-603;B:DE-Mb50  |q application/pdf  |u http://scans.hebis.de/HEBCGI/show.pl?27866911_toc.pdf  |3 Inhaltsverzeichnis 
924 0 |9 Mb 50  |a (DE-603)631891900  |b DE-Mb50  |c HES  |d c  |g 11.08859 
924 0 |9 2080  |a (DE-603)793767334  |b DE-2080  |c HES  |d d  |g /